| 000 | 00442nam a2200193Ia 4500 | ||
|---|---|---|---|
| 003 | 0100 | ||
| 008 | 130303s9999 xx 000 0 und d | ||
| 040 | _cARRUPELIB | ||
| 050 | _aBD161.M84 1977 | ||
| 100 | _aMorton, Adam | ||
| 245 | 2 | _aA guide through the theory of knowledge | |
| 260 | _aEncino | ||
| 260 | _bDickenson Publishing | ||
| 260 | _C1977 | ||
| 300 | _a113p. | ||
| 300 | _b 23 cm. | ||
| 650 | _aPHILOSOPHY | ||
| 942 | 0 | 0 | _06 |
| 999 |
_c28110 _d28110 |
||